000 00426nam a2200181Ia 4500
008 210210b1931 xxu||||| |||| 00| 0 eng d
041 _aeng
082 _a823/351
100 _aSHAKESPEARE (William)
245 _aTwo gentlemen of Verona
260 _aNew York
_bThe Macmillan Company
_c1931
650 _aVerona
650 _aTwo
650 _aof
650 _agentlemen
690 _aEnglish Drama
906 _a013895
999 _c132964
_d132964